| 000 | 00342nam a22001457a 4500 | ||
|---|---|---|---|
| 999 |
_c524542 _d524542 |
||
| 003 | NUST | ||
| 020 | _c(Hbk) | ||
| 038 | _aM.Shaban | ||
| 082 |
_a891.431 _bKHA |
||
| 100 |
_aKhan, Amanullah _915350 |
||
| 245 |
_aMukar gaiaan ne chhavaan / _cAmanullah Khan |
||
| 260 |
_aLahore -; _bKoocha Muhammdi, |
||
| 300 | _a118 p. ; | ||
| 942 |
_2ddc _cBK |
||